000 00605nam a22002057a 4500
003 LK-CoMWRAF
005 20231031135808.0
008 231031b2009 |||||||| |||| 00| 0 eng d
020 _a9789556250336
040 _aLK-CoMWRAF
_dLK-CoMWRAF
_eLK-CoMWRAF
041 _aeng
082 _a340.59
_bBOA
245 _aThe Board of quazis' law reports-with a digest (2005-2006)
260 _aColombo :
_bMuslim women's research and action forum,
_c2009
300 _a147p. : 21cm
490 _aVolume iii
650 _aMuslim women's research and action forum
650 _aQuazis' Law reports
942 _cBK
999 _c4052
_d4052